000 00976cab a2200265 4500
001 WB2913-29
008 090401t1993 xxu||||| |||| 00| 0 eng d
035 _a(Sirsi) u40139
041 _aeng
100 _aPearce, H.
245 _aMeasuring up
260 _c1993
350 _a0
490 _aEstates Gazette
_v(9312) 27 March 1993, 35(1)
520 _aThe RICS and ISVA are to produce a new draft code of measuring practice aimed at settling the debate on whther space should be measured on a gross or net internal area basis. It uses NIA as the normal basis for commercial and residential buildings, although GIA will be used for industrial premises.
650 _aRICS CODE OF MEASURING PRACTICE
650 _aGROSS EXTERNAL AREA
650 _aGROSS INTERNAL AREA
650 _aMeasurement
_96256
650 _aNET INTERNAL AREA
650 _aPROPERTY MISDESCRIPTIONS ACT 1991
690 _aMAPPING AND MEASUREMENT
942 _n0
948 _c04/03/1997
999 _c25712
_d25712